THE HIDDEN YEARS (Record no. 372140)

MARC details
000 -LEADER
fixed length control field 00419nam a2200169Ia 4500
008 - FIXED-LENGTH DATA ELEMENTS--GENERAL INFORMATION
fixed length control field 100122s9999 xx 000 0 und d
082 ## - DEWEY DECIMAL CLASSIFICATION NUMBER
Item number 38762
Classification number 823
100 ## - MAIN ENTRY--PERSONAL NAME
Personal name AUTHOR TO ENTER
245 ## - TITLE STATEMENT
Title THE HIDDEN YEARS
250 ## - EDITION STATEMENT
Edition statement 0
260 ## - PUBLICATION, DISTRIBUTION, ETC. (IMPRINT)
Name of publisher, distributor, etc WILLAM COLLINS SONS & COMPANY LIMITED
Date of publication, distribution, etc 1905
300 ## - PHYSICAL DESCRIPTION
Extent 201
630 ## - SUBJECT ADDED ENTRY--UNIFORM TITLE
Uniform title THE HIDDEN YEARS
700 ## - ADDED ENTRY--PERSONAL NAME
Personal name AUTHOR TO ENTER
730 ## - ADDED ENTRY--UNIFORM TITLE
Uniform title THE HIDDEN YEARS
942 ## - ADDED ENTRY ELEMENTS (KOHA)
Koha item type Book
Holdings
Withdrawn status Lost status Damaged status Not for loan Home library Current library Date acquired Cost, normal purchase price Total Checkouts Full call number Barcode Date last seen Cost, replacement price Price effective from Koha item type Public note
        S.V. Pathak Library, Vile Parle S.V. Pathak Library, Vile Parle 07/04/1986 16.00   38762 SVPPARLE-38762 01/25/2010 16.00 01/25/2010 Book "BUNDLE-V, , , NA"